Black Brand Logos - Statistics

General Stats
  • This quiz has been taken 605 times
  • The average score is 18 of 27
Answer Stats
Picture Answer % Correct
Nike
99%
Adidas
97%
Puma
96%
Gucci
89%
Honda
87%
Louis Vuitton
84%
BBC
82%
Chanel
82%
Under Armour
80%
Playboy
79%
Converse
77%
Nestle
75%
Air Jordan
73%
Motorola
69%
Warner Brothers
68%
Dolby
67%
New York Times
67%
Bentley
63%
Umbro
57%
CBS
55%
Yamaha
51%
American Express
41%
Lincoln
40%
Acura
39%
Swarovski
32%
Starter
22%
Tivo
17%
No matching quizzes found
Score Distribution
Percent of People with Each Score
Percentile by Number Answered
Your Score History
You have not taken this quiz